| 000 | 00370 a2200157 4500 | ||
|---|---|---|---|
| 001 | 175304 | ||
| 020 | _a85-10-02095-7 | ||
| 040 | _cMagnum | ||
| 100 | _aNoronha, Carlos Henrique Moura Mavignier de | ||
| 240 | 1 | 0 |
_aA geografia do Brasil 2 _lpor |
| 245 | 1 | 0 | _aA geografia do Brasil 2 |
| 300 | _a172 | ||
| 362 | 0 | _a1997 | |
| 697 | _aGEOGRAFIA DO BRASIL | ||
| 942 | _cBK | ||
| 999 |
_c175304 _d175304 |
||